| 000 | 00772cab a2200253 4500 | ||
|---|---|---|---|
| 001 | ABS54707 | ||
| 008 | 090401t1996 xxu||||| |||| 00| 0 eng d | ||
| 035 | _a(Sirsi) u11896 | ||
| 041 | _aeng | ||
| 245 | _aMad cows and Englishman | ||
| 260 | _c1996 | ||
| 350 | _a0 | ||
| 490 |
_aEconomist _v338(7959) 30 March 1996, 25-30(5) |
||
| 520 | _aExamines the link between Creutzfeldt-Jakob Disease (CJD) and Bovine Spongiform encephalopathy (BSE) assessing the effect of the beef scare on the British economy. | ||
| 650 | _aBEEF INDUSTRY | ||
| 650 | _aBOVINE SPONGIFORM ENCEPHALOPATHY | ||
| 650 | _aBSE | ||
| 650 | _aCJD | ||
| 650 | _aCREUTZFELDT-JAKOB DISEASE | ||
| 650 | _aMAD COW DISEASE | ||
| 690 | _aECONOMIC AND SOCIAL | ||
| 942 | _n0 | ||
| 948 | _c04/03/1997 | ||
| 999 |
_c7604 _d7604 |
||